La conciencia histórica de los antiguos mayas

Gardado en:
Detalles Bibliográficos
Autor Principal: Garza Camino, Mercedes de la (Author)
Formato: Libro
Idioma:Lingua castelá
Publicado: Ciudad de México UNAM 1975
Subjects:
Tags: Engadir etiqueta
Sen Etiquetas, Sexa o primeiro en etiquetar este rexistro!

MARC

LEADER 00000nam a2200000 a 4500
001 UCO0712
003 CL-VaPUC
008 000428e19750000MX |||||||||||||||||spa|d
082 0 4 |a 972.81016  |b GAR  |2 21 
100 |a Garza Camino, Mercedes de la  |e author  |9 570376 
245 1 3 |a La conciencia histórica de los antiguos mayas 
300 |a 143 p 
942 |c BK 
945 |d 20000428 00:00:00  |a crobeson 
260 |a Ciudad de México  |b UNAM  |c 1975 
650 7 |a MAYAS HISTORIA  |2 CL-VaPUC  |9 268559 
650 7 |a MAYAS  |2 CL-VaPUC  |9 267590 
650 0 |a Culturas precolombinas  |9 408769 
650 0 |a Historia  |9 255047 
583 |a last modification  |c 20000428 00:00:00  |k Rodrigo Vera 
999 |c 287360  |d 287358 
952 |0 0  |1 0  |4 0  |6 972_810160000000000_GAR_1975  |7 0  |8 A  |9 334196  |a BIBHIS  |b BIBHIS  |d 2019-11-20  |i 1272020  |o 972.81016 GAR 1975  |p 1272020  |r 2025-01-20  |w 2019-11-20  |y BK  |k HIS